TB OF VYAVSHARAYURVEDA OF VIDHIVAIDYAK (Record no. 7714)

MARC details
000 -LEADER
fixed length control field 00320nam a2200121Ia 4500
082 ## - DEWEY DECIMAL CLASSIFICATION NUMBER
Classification number 614.1
Item number V 13 N
100 ## - MAIN ENTRY--PERSONAL NAME
Personal name NAMBURI, SEKHAR
245 ## - TITLE STATEMENT
Title TB OF VYAVSHARAYURVEDA OF VIDHIVAIDYAK
260 ## - PUBLICATION, DISTRIBUTION, ETC. (IMPRINT)
Name of publisher, distributor, etc CHAUKHAMBHA PUB. NEW DELHI
Year of Publication 2013
300 ## - PAGE DESCRIPTION
No. of Pages 362
942 ## - ADDED ENTRY ELEMENTS (KOHA)
Source of classification or shelving scheme Dewey Decimal Classification
Koha item type Books
942 ## - ADDED ENTRY ELEMENTS (KOHA)
-- 39
Holdings
Withdrawn status Lost status Source of classification or shelving scheme Damaged status Not for loan Collection code Home library Current library Date acquired Vendor Name Cost, normal purchase price SGTU Bill Number Total Checkouts Total Renewals Full call number Accession No. (Barcode) Date last seen Date last borrowed Bill Date Koha item type
    Dewey Decimal Classification     AYURVEDA SGT FA-FP Library SGT FA-FP Library 14/09/2015 CHAUKHAMBHA PUB. NEW DELHI 495.00 SGTU CP/B453 17 2 614.1 V 13 N FA271 03/02/2025 17/01/2025 27/09/2014 Books
    Dewey Decimal Classification     AYURVEDA SGT FA-FP Library SGT FA-FP Library 14/09/2015 CHAUKHAMBHA PUB. NEW DELHI 495.00 SGTU CP/B453 10   614.1 V 13 N FA272 24/06/2024 07/06/2024 27/09/2014 Books
    Dewey Decimal Classification     AYURVEDA SGT FA-FP Library SGT FA-FP Library 14/09/2015 CHAUKHAMBHA PUB. NEW DELHI 495.00 SGTU CP/B453 15   614.1 V 13 N FA273 05/01/2022 10/12/2021 27/09/2014 Books
    Dewey Decimal Classification     AYURVEDA SGT FA-FP Library SGT FA-FP Library 14/09/2015 CHAUKHAMBHA PUB. NEW DELHI 495.00 SGTU CP/B453 6 1 614.1 V 13 N FA274 31/01/2025 17/01/2025 27/09/2014 Books
    Dewey Decimal Classification     AYURVEDA SGT FA-FP Library SGT FA-FP Library 14/09/2015 CHAUKHAMBHA PUB. NEW DELHI 495.00 SGTU CP/B453 14   614.1 V 13 N FA275 05/01/2022 04/01/2022 27/09/2014 Books